Country Flag-Shapes that start with “A” - Statistics

General Stats
  • This quiz has been taken 124 times
  • The average score is 10 of 11
Answer Stats
Picture Answer % Correct
Algeria
98%
Afghanistan
97%
Albania
97%
Andorra
95%
Angola
95%
Argentina
94%
Armenia
94%
Australia
93%
Austria
93%
Azerbaijan
91%
Antigua and Barbuda
89%
No matching quizzes found
Score Distribution
Percent of People with Each Score
Percentile by Number Answered
Your Score History
You have not taken this quiz